书目信息 |
| 题名: |
化工热力学
|
|
| 作者: | 陈新志 , 工会蔡振云 , 胡望明 编著 | |
| 分册: | ||
| 出版信息: | 北京 化学工业出版社 2001.04 |
|
| 页数: | 312页 | |
| 开本: | 20cm | |
| 丛书名: | ||
| 单 册: | ||
| 中图分类: | TQ013.1 | |
| 科图分类: | ||
| 主题词: | 化学工业--基础理论 | |
| 电子资源: | ||
| ISBN: | 7-5025-3049-5 | |
| 000 | 00696nam0 2200217 45 | |
| 001 | 0459245491 | |
| 005 | 2004042516272450 | |
| 010 | @a7-5025-3049-5@dCNY 28.00 | |
| 100 | @a20040425d2001 km y0chiy0120 ea | |
| 101 | 0 | @achi |
| 102 | @aCN@b110000 | |
| 200 | 1 | @a化工热力学@AHua Gong Re Li Xue@f陈新志,工会蔡振云,胡望明编著@FChen Xin Zhi,Gong Hui Cai Zhen Yun,Hu Wang Ming Bian Zhu |
| 210 | @a北京@c化学工业出版社@d2001.04 | |
| 215 | @a312页@d20cm | |
| 606 | 0 | @a化学工业@x基础理论 |
| 690 | @aTQ013.1@v3 | |
| 701 | 0 | @a陈新志@AChen Xin Zhi@4编著 |
| 701 | 0 | @a工会蔡振云@AGong Hui Cai Zhen Yun@4编著 |
| 701 | 0 | @a胡望明@AHu Wang Ming@4编著 |
| 801 | 0 | @aCN@bPFT@c20040425 |
| 905 | @dTQ013.1@eC599 | |
| 化工热力学/陈新志,工会蔡振云,胡望明编著.-北京:化学工业出版社,2001.04 |
| 312页;20cm |
| ISBN 7-5025-3049-5:CNY 28.00 |
| ● |
| 相关链接 |
|
|
|
正题名:化工热力学
索取号:TQ013.1/C599
 
预约/预借
| 序号 | 登录号 | 条形码 | 馆藏地/架位号 | 状态 | 备注 |
| 1 | 389873 | 203898737 | 自科库501/501自科库 137排1列6层/ [索取号:TQ013.1/C599] | 在馆 | |
| 2 | 389874 | 203898746 | 自科库501/501自科库 137排1列6层/ [索取号:TQ013.1/C599] | 在馆 | |
| 3 | 389875 | 203898755 | 材料与化工学院资料室/ [索取号:TQ013.1/C599] | 在馆 |